000 00332nam a2200145Ia 4500
100 _aEdminister/ J.A.
250 _a2
942 _cBK
654 _aCircuits
245 _aElectric Circuits : Schan on the series
260 _bTata Mc Graw hill
_aBombay
_c1991
082 _a621.3192
_bEDM
300 _a298
546 _aENGLISH
999 _c28401
_d28401